MARC

LEADER 00000nam0a2200000 4500
001 56266
005 20231031053248.0
010 |a 5940741835 
035 |a (RuTPU)RU\TPU\book\59093 
090 |a 56266 
100 |a 20030926d2002 k y0rusy50 ca 
101 0 |a rus 
102 |a RU 
105 |a a z 000zy 
200 1 |a Аудит безопасности Intranet  |f С. А. Петренко, А. А. Петренко 
210 |a Москва  |c ДМК Пресс  |d 2002 
215 |a 416 с.  |c ил. 
225 1 |a Информационные технологии для инженеров 
610 1 |a информатика 
610 1 |a Intranet 
610 1 |a безопасность 
610 1 |a информационная безопасность 
610 1 |a российские компании 
610 1 |a контроль 
610 1 |a аудит 
610 1 |a корпоративные системы 
610 1 |a международные стандарты 
675 |a 681.3.067  |v 3 
700 1 |a Петренко  |b С. А.  |g Сергей Анатольевич 
701 1 |a Петренко  |b А. А.  |g Александр Анатольевич 
801 1 |a RU  |b 63413507  |c 20030926  |g PSBO 
801 2 |a RU  |b 63413507  |c 20230628  |g PSBO 
942 |c BK